Sports Quiz

Random Sports or Tennis Quiz

Wimbledon 2019 Quarter-Finalists Picture Click (Women) Quiz Stats

 Plays Quiz not verified by Sporcle

Support Sporcle.
Go Orange.
Score 0/8 Timer 01:00
0 Plays Today
% Correct
Serena Williams
97.1%
Zhang Shuai
96.4%
Simona Halep
89.9%
Johanna Konta
82%
Alison Riske
80.6%
Barbora Strýcová
79.9%
Karolína Muchová
72.7%
Elina Svitolina
69.8%

You're not logged in!

Compare scores with friends on all Sporcle quizzes.
OR
Log In

From the Vault

Marvel Picture Find: Ultimates

by MitchellGoosen

This is the ultimate list of superheroes.
Remove Ads.
Support Sporcle.
Get the best of Sporcle when you Go Orange. This ad-free experience offers more features, more stats, and more fun while also helping to support Sporcle. Thank you for becoming a member.

Show Comments

Extras

Top Quizzes Today


Score Distribution

Your Account Isn't Verified!

In order to create a playlist on Sporcle, you need to verify the email address you used during registration. Go to your Sporcle Settings to finish the process.

Report this User

Report this user for behavior that violates our Community Guidelines.

Details: